000 01011nam0a22002411 4500
001 rc\666125
005 20260407123541.0
035 _a(NLR Aleph) 005905002
090 _a6316802
_c6316802
100 _a20031121d1986 |||y0rusy50 ca
101 0 _arus
102 _aRU
105 _ay |||||||||
200 1 _aКЛИНИКА, диагностика и лечение стоматологических заболеваний у рабочих занятых в производстве меди
_eМетод. рекомендации
_fМ-во здравоохранения УзССР
_g[Сост. к. м. н. Абдуазимов А.Д.]
210 _aТашкент
_cБ. и.
_d1986
215 _a[3], 14 с.
_d20
702 1 _aАбдуазимов
_bА.Д.
_4220
712 0 2 _aКлиническая больница Минздрава УзCCР
_cТашкент
_3RU\NLR\AUTH\889962956
_9422207
801 0 _aRU
_bNLR
_gpsbo
801 1 _aRU
_bELAR
_2rusmarc
852 _aNLR
_j87-4/19006
942 _cBOOK
980 _aNB